00567nam a2200157Ia 4500008004100000082002000041100002900061245003000090260003800120300000800158630003400166650006600200942000900266952011700275999001700392211118s9999||||xx |||||||||||||| ||und|| a894.8123bSRE-I aSreedharan, Perumpadavam 0aIruttil Parakkunna Pakshi bSimon & SchusteraNew Delhic2000 a136 xMalayalam NovelsGeneral Stack aMalayalam LiteraturevMalayalam FictionShort StoriesMalayalam cBOOK 00104070aSBCLbSBCLc2d2021-11-18g55.00l0o894.8123 SRE-Ip00103582r2021-11-18 00:00:00w2021-11-18yBOOK c98192d98192